000 00725nam a2200253Ia 4500
003 OSt
005 20220918181839.0
006 a|||||r|||| 00| 0
007 ta
008 220917b |||||||| |||| 00| 0 eng d
024 _a28,833
037 _cTextual
040 _aARTS
_cARTS
_beng
041 _2eng
_aeng
082 _aO111,3M12,T:g, K6
100 _aElliott Ralph W V
_919006
245 0 _aCritical commentary on Dicken's
_b a tale of two cities
260 _aLondon
_bMacmillan UK
_c1966
300 _avi,69p.
_ccm.
490 _aMacmillan critical commentaries
650 _aENGLISH LITERATURE
942 _hO111,3M12,T:g, K6
_cTEXL
_2CC
999 _c167001
_d167001